Statistiken für Internationale Telefonvorwahlen zuordnen

Klicken Sie hier um das Quiz zu spielen!

Allgemein

  • Dieses Quiz wurde 102 mal gespielt
  • Das Durchschnittsergebnis liegt bei 4 aus 14

Antwortstatistiken

HintAntwort% Korrekt
+49Deutschland
88%
+1USA/Kanada
52%
+43Österreich
49%
+33Frankreich
36%
+41Schweiz
34%
+31Niederlande
25%
+44Vereinigtes Königreich
25%
+7Russland
22%
+90Türkei
22%
+20Ägypten
21%
+61Australien
21%
+46Schweden
19%
+81Japan
16%
+55Brasilien
15%

Verteilung der Resultate

Perzentil nach korrekt beantworteten Fragen

Anzahl Personen mit jedem Resultat

Ihre Resultats-Entwicklung

Sie haben dieses Quiz noch nicht gespielt